[Event "Olympiad"]
[Site "Bled SLO"]
[Date "2002.10.31"]
[Round "6"]
[White "Saeheng,B"]
[Black "Valdes,Le"]
[Result "0-1"]
[WhiteElo "2306"]
[BlackElo "2426"]

1.d4 Nf6 2.c4 g6 3.Nc3 Bg7 4.e4 d6 5.Nf3 O-O 6.Be2 e5 7.O-O Nc6 8.d5 Ne7
9.b4 a5 10.Ba3 Nd7 11.bxa5 Rxa5 12.Bb4 Ra8 13.Nd2 Bh6 14.Nb3 f5 15.Re1 Nf6
16.Bf3 fxe4 17.Nxe4 Bf5 18.a4 Nxe4 19.Bxe4 Bxe4 20.Rxe4 Nf5 21.c5 Rf7 22.cxd6 cxd6
23.Bd2 Bxd2 24.Qxd2 Rc8 25.Rc1 Rxc1+ 26.Qxc1 Qb6 27.Qc2 Rc7 28.Rc4 Ne3  0-1

[Event "10th Chigorin Mem B"]
[Site "St Petersburg RUS"]
[Date "2002.10.31"]
[Round "6"]
[White "Achang,A"]
[Black "Shamugia,S"]
[Result "1/2-1/2"]
[WhiteElo "2179"]
[BlackElo "2320"]

1.d4 Nf6 2.c4 g6 3.Nc3 Bg7 4.e4 d6 5.Be2 O-O 6.Nf3 e5 7.O-O Nc6 8.d5 Ne7
9.b4 Nh5 10.g3 a5 11.bxa5 Rxa5 12.a4 h6 13.Nd2 Bh3 14.Re1 Qd7 15.Nb3 Raa8
16.Be3 f5 17.f3 f4 18.Bf2 g5 19.g4 Nf6 20.Bf1 Bxf1 21.Rxf1 h5 22.h3 hxg4
23.fxg4 f3 24.Bg3 Nxg4 25.hxg4 Qxg4 26.Kf2 Ng6 27.Rg1 Qd7 28.Qd2 Bh6 29.Rh1 Qg7
30.Rh2 Rf6 31.Rah1 Nf4 32.Bxf4 exf4 33.Nd4 g4 34.Rh4 Re8 35.Rg1 g3+ 36.Kxf3 Qg5
37.Rgh1 Rg6 38.Kg2 f3+ 39.Nxf3 Qxh4 40.Rxh4 Bxd2 41.Nxd2 Rf8 42.Nf3 Rf7 43.Ne2 Rfg7
44.Nf4 Rg4 45.Rxg4 Rxg4 46.Nh5 Kf7 47.Nxg3 Rg8 48.e5 dxe5 49.Nxe5+ Ke7 50.Nd3 Rg4
51.Nb2 Rf4 52.Ne2 Rh4 53.Kf3 Kd6 54.Nf4 Kc5 55.Ke3 Kb4 56.Nfd3+ Kc3 57.c5 b6
58.d6 bxc5 59.dxc7 Rh8 60.Nxc5 Rc8 61.Ne6 Kxb2  1/2-1/2

[Event "Olympiad w"]
[Site "Bled SLO"]
[Date "2002.11.01"]
[Round "7"]
[White "Nguyen Thi Thanh An"]
[Black "Ivanovic,J"]
[Result "1-0"]
[WhiteElo "2316"]
[BlackElo "2041"]

1.d4 Nf6 2.c4 g6 3.Nc3 Bg7 4.e4 d6 5.Be2 O-O 6.Nf3 e5 7.O-O Nc6 8.d5 Ne7
9.Ne1 Ne8 10.Be3 f5 11.f3 Nf6 12.a4 f4 13.Bf2 g5 14.c5 h5 15.cxd6 cxd6 16.Nb5 a6
17.Na3 Ng6 18.Nc4 g4 19.Nd3 h4 20.Qb3 g3 21.Bb6 gxh2+ 22.Kxh2 Qe7 23.Bf2 Nh5
24.Nb6 Rb8 25.Rfc1 Ng3 26.Qd1 Rd8 27.Rc3 Bd7 28.Rc7 Nf8 29.Rac1 Qg5 30.Nxd7 Nxd7
31.Bf1 a5 32.Ba7 Nxf1+ 33.Qxf1 Ra8 34.Rxb7 Qg3+ 35.Kh1 Nf6 36.Rcc7 Bf8 37.Qe1 Qxe1+
38.Nxe1 Ne8 39.Rc6 Rdc8 40.Bb6 Rcb8 41.Rxb8 Rxb8 42.Nd3 Ra8 43.b3 Nf6 44.Nb2 Nd7
45.Nc4 Nxb6 46.Rxb6  1-0

[Event "British Rapidplay"]
[Site "Bradford ENG"]
[Date "2002.11.01"]
[Round "11"]
[White "Summerscale,A"]
[Black "Hebden,M"]
[Result "1-0"]
[WhiteElo "2495"]
[BlackElo "2515"]

1.d4 Nf6 2.Nf3 g6 3.c4 Bg7 4.Nc3 O-O 5.e4 d6 6.Be2 e5 7.O-O Nc6 8.d5 Ne7
9.Ne1 Nd7 10.Be3 f5 11.f3 f4 12.Bf2 g5 13.a4 a6 14.a5 Rf6 15.Na4 Rh6 16.c5 Qe8
17.Kh1 Qh5 18.Bg1 Nf6 19.cxd6 cxd6 20.Nb6 Qh4 21.Nxc8 Rxc8 22.h3 g4 23.Bf2 Qg5
24.fxg4 Nxe4 25.Ra4 Nf6 26.Bf3 e4 27.Bxe4 Nxg4 28.Nf3 Qh5 29.Rb4 Nf5 30.Bxf5 Qxf5
31.Rxb7 Ne3 32.Bxe3 fxe3 33.Nd4 Qe4 34.Rxg7+ Kxg7 35.Nf5+ Kh8 36.Nxh6 e2
37.Qe1 Qg6 38.Nf7+ Kg8 39.Nh6+ Kh8  1-0

[Event "10th Chigorin Mem"]
[Site "St Petersburg RUS"]
[Date "2002.11.02"]
[Round "8"]
[White "Najer,E"]
[Black "Voitsekhovsky,S"]
[Result "1/2-1/2"]
[WhiteElo "2579"]
[BlackElo "2513"]

1.d4 Nf6 2.c4 g6 3.Nc3 Bg7 4.e4 O-O 5.Nf3 d6 6.Be2 e5 7.O-O Nc6 8.d5 Ne7
9.b4 Nh5 10.Re1 f5 11.Ng5 Nf6 12.f3 Nh5 13.c5 Nf4 14.Bc4 Kh8 15.g3 h6 16.Ne6 Nxe6
17.dxe6 Nc6 18.cxd6 cxd6 19.Nb5 Bxe6 20.Bxe6 Qb6+ 21.Be3 Qxb5 22.exf5 gxf5
23.a4 Qxb4 24.Rb1 Qa3 25.Rxb7 Nd8 26.Bc1 Qc5+ 27.Be3 Qa3 28.Bc1 Qc5+ 29.Be3 Qa3  1/2-1/2

[Event "Olympiad"]
[Site "Bled SLO"]
[Date "2002.11.04"]
[Round "9"]
[White "Brittner,S"]
[Black "Goutali,T"]
[Result "1-0"]
[WhiteElo "2182"]
[BlackElo "2126"]

1.d4 Nf6 2.c4 g6 3.Nc3 Bg7 4.e4 d6 5.Nf3 O-O 6.Be2 e5 7.O-O Nc6 8.d5 Ne7
9.b4 c6 10.a4 a5 11.bxa5 Qxa5 12.Qb3 c5 13.Bd2 Ne8 14.Rfb1 Ra6 15.Qc2 Qd8
16.Nb5 f5 17.Ng5 h6 18.Ne6 Bxe6 19.dxe6 f4 20.Nc3 Nc7 21.Bg4 h5 22.Bh3 g5
23.Bf5 Ra7 24.Nd5 Nc6 25.Bc3 Re8 26.Nxc7 Qxc7 27.Qd1 g4 28.h3 Qd8 29.hxg4 h4
30.Qd2 Qe7 31.Rb6 Rea8 32.a5 Bh6 33.f3 Kg7 34.Qd5 Ra6 35.Rab1 R8a7 36.Rd1 Rxb6
37.axb6 Ra3 38.Rd3 Kg8 39.Be1 Ra1 40.Rd1 Rxd1 41.Qxd1 Nd4 42.Bf2 Nc6 43.Qa4 Qd8
44.Qb3 Bg5 45.Kh2 Qa8 46.Qb2 Be7 47.Bg6 Kg7 48.Bf5 Qa6 49.Qe2 Qxb6 50.Qe1 Qd8
51.Kh3 Na5 52.Qc3 Kh6 53.Qc1 b6 54.g3 hxg3 55.Bxg3 Kg7 56.Bf2 Qe8 57.Kg2 Nc6
58.Qh1 Qh8 59.Qb1 Nb4 60.Qd1 Kf6 61.Qb1 Bd8 62.Qd1 Be7 63.Qb1 Qh6 64.Qd1 Nc6
65.Qe1 Kg7 66.Qa1 Na5 67.Qa4 Kf6 68.Qe8 Bf8 69.Bh4+ Kg7 70.Qf7+  1-0

[Event "Olympiad"]
[Site "Bled SLO"]
[Date "2002.11.04"]
[Round "9"]
[White "Tratar,M"]
[Black "Roselli Mailhe,B"]
[Result "1-0"]
[WhiteElo "2471"]
[BlackElo "2446"]

1.Nf3 Nf6 2.c4 g6 3.Nc3 Bg7 4.e4 d6 5.d4 O-O 6.Be2 e5 7.O-O Nc6 8.d5 Ne7
9.b4 Ne8 10.c5 f5 11.Nd2 Nf6 12.f3 f4 13.Nc4 g5 14.Ba3 Ng6 15.b5 dxc5 16.Bxc5 Rf7
17.a4 h5 18.a5 g4 19.b6 g3 20.Kh1 axb6 21.axb6 Rxa1 22.Qxa1 Ng4 23.fxg4 Qh4
24.Bg1 hxg4 25.Qa8 f3 26.Qxc8+ Kh7 27.Bxf3 Rxf3 28.gxf3 g2+ 29.Kxg2 Qh3+
30.Kh1 Qxf1 31.Nd2 Qd3 32.bxc7 Qxc3 33.Qd7 Ne7 34.Qxe7 gxf3 35.Qd7  1-0

[Event "Olympiad"]
[Site "Bled SLO"]
[Date "2002.11.04"]
[Round "9"]
[White "Tovsanaa,N"]
[Black "Krakops,M"]
[Result "0-1"]
[WhiteElo "2321"]
[BlackElo "2530"]

1.d4 Nf6 2.c4 g6 3.Nc3 Bg7 4.e4 d6 5.Nf3 O-O 6.Be2 e5 7.O-O Nc6 8.d5 Ne7
9.Ne1 Nd7 10.Be3 f5 11.f3 f4 12.Bf2 g5 13.a4 Rf6 14.a5 Rh6 15.Nb5 Nf6 16.c5 g4
17.cxd6 cxd6 18.fxg4 Nxe4 19.Bxa7 Ng6 20.Ra3 Qh4 21.Rh3 Qe7 22.Rxh6 Bxh6
23.Bb6 Bd7 24.Qc2 Nf6 25.Qc7 Bxb5 26.Bxb5 Kh8 27.Qxe7 Nxe7 28.g5 Bxg5 29.Nf3 Bh6
30.Bc7 Nf5 31.Nxe5 dxe5 32.Bxe5 Kg7 33.d6 Kf7 34.Bc4+ Kg6 35.b4 Re8 36.Bxf4 Re4
37.Bxh6 Rxc4 38.Bf4 Rxb4 39.g3 Nd4 40.Bd2 Rb2 41.Be3 Nf5 42.Bb6 Rd2 43.Rc1 Nxd6
44.Rc7 Nfe4 45.Re7 h5 46.Re6+ Kf5 47.Rh6 Kg4 48.Kf1 Rxh2 49.Bc7 Rd2 50.Ke1 Rd5
51.Rg6+ Kf3 52.Bb8 Nf5  0-1

[Event "Olympiad w"]
[Site "Bled SLO"]
[Date "2002.11.04"]
[Round "9"]
[White "Meza,A"]
[Black "Kouvatsou,M"]
[Result "0-1"]
[WhiteElo "2058"]
[BlackElo "2212"]

1.d4 Nf6 2.c4 g6 3.Nc3 Bg7 4.e4 d6 5.Nf3 O-O 6.Be2 e5 7.O-O Nc6 8.d5 Ne7
9.Ne1 Nd7 10.Nd3 f5 11.f3 h5 12.Bd2 f4 13.b4 Nf6 14.c5 g5 15.Nf2 Ng6 16.Rc1 Rf7
17.a4 Bf8 18.cxd6 Bxd6 19.Nb5 Rg7 20.Nxd6 cxd6 21.Rc3 Nh4 22.h3 Bd7 23.a5 Rc8
24.Rxc8 Qxc8 25.Be1 Nxf3+ 26.Bxf3 g4 27.hxg4 hxg4 28.Be2 g3 29.Nd3 Kf7 30.Nxf4 exf4
31.Rxf4 Qh8 32.Rxf6+ Kxf6 33.Bxg3 Ke7 34.Qd4 Qh6 35.e5 Rxg3 36.exd6+ Qxd6
37.Qh4+ Kf8 38.Bh5 Kg7 39.Bf3 Bf5 40.Qd4+ Kh7 41.Qh4+ Kg8 42.Qh5 Qg6  0-1

[Event "Olympiad"]
[Site "Bled SLO"]
[Date "2002.11.05"]
[Round "10"]
[White "Bae,T"]
[Black "Vouldis,A"]
[Result "0-1"]
[WhiteElo "2370"]
[BlackElo "2526"]

1.d4 Nf6 2.c4 g6 3.Nc3 Bg7 4.e4 d6 5.Be2 O-O 6.Nf3 e5 7.O-O Nc6 8.d5 Ne7
9.b4 Nh5 10.Re1 a5 11.bxa5 Rxa5 12.Nd2 Nf4 13.Bf1 c5 14.a4 Ra6 15.Nb3 h6
16.a5 f5 17.g3 Nh5 18.Bg2 Nf6 19.Ra2 g5 20.exf5 Bxf5 21.Na4 Nd7 22.Nc3 Nf6
23.Na4 Bg4 24.f3 Bc8 25.Nb6 Bf5 26.Be3 Nc8 27.Na4 b6 28.Qd2 bxa5 29.Nc3 Nb6
30.Bf1 a4 31.Rea1 e4 32.Nxa4 Nxa4 33.Rxa4 Rxa4 34.Rxa4 exf3 35.Bd3 Bxd3 36.Qxd3 Qe8
37.Ra7 Ng4 38.Bf2 Qh5 39.h4 gxh4 40.Bd4 cxd4  0-1

[Event "Olympiad"]
[Site "Bled SLO"]
[Date "2002.11.05"]
[Round "10"]
[White "Aranov,Y"]
[Black "Surendorj,H"]
[Result "0-1"]
[WhiteElo "2213"]
[BlackElo "2308"]

1.d4 Nf6 2.c4 g6 3.Nc3 Bg7 4.e4 d6 5.Nf3 O-O 6.Be2 e5 7.O-O Nc6 8.d5 Ne7
9.Ne1 Nd7 10.Nd3 f5 11.Bd2 Nf6 12.f3 f4 13.g4 g5 14.Be1 Ng6 15.h3 Rf7 16.c5 Bf8
17.Bf2 h5 18.cxd6 Bxd6 19.Nc5 Nf8 20.Qb3 Qe7 21.Ne6 Nxe6 22.dxe6 Bxe6 23.Qxb7 Qf8
24.Qc6 Rb8 25.Bxa7 Bd7 26.Qc4 Rb4 27.Qa6 hxg4 28.hxg4 Rh7 29.Kg2 Rxb2 30.Qc4+ Kh8
31.Rab1 Rxb1 32.Rxb1 Qh6 33.Rg1 Kg7 34.a4 Qh3+ 35.Kf2 Rh8 36.Ke1 Ra8 37.Bf2 Qh8
38.Kf1 Qh3+ 39.Ke1 Qh8 40.Kf1 Qg8 41.Qxg8+ Kxg8 42.Bd1 Bb4 43.Be1 Kf7 44.Rg2 Rh8
45.Ne2 Bc5 46.Bb3+ Ke7 47.Nc3 Rh1+ 48.Ke2 Bb4 49.Bd2 Ra1 50.Nb5 Bxb5+ 51.axb5 Bxd2
52.Kxd2 Ra5 53.Bc4 Ra3 54.Be2 Nxe4+ 55.fxe4 f3 56.Rh2 Ra2+ 57.Kd3 fxe2 58.Rh1 Kd6
59.Rc1 Rb2 60.Rc6+ Kd7 61.Rc1 Kd8 62.Re1 Ke7 63.Rc1 Kd7 64.Re1 Kd6 65.Kc3 Rxb5
66.Rxe2 Rb1 67.Rf2 Rg1 68.Rf6+ Kc5 69.Rf5 Rg3+ 70.Kd2 Rxg4 71.Rxe5+ Kd4 72.Rd5+ Kxe4
73.Rc5 Kf3 74.Rc3+ Kf2 75.Rxc7 Ra4 76.Rf7+ Kg2 77.Rg7 g4 78.Ke1 Re4+ 79.Kd2 g3
80.Kd3 Re8  0-1

[Event "Olympiad"]
[Site "Bled SLO"]
[Date "2002.11.06"]
[Round "11"]
[White "Jiravorasuk,B"]
[Black "Khan,Mohammed"]
[Result "1-0"]
[WhiteElo "2255"]
[BlackElo "2193"]

1.d4 Nf6 2.c4 g6 3.Nc3 Bg7 4.e4 d6 5.Nf3 O-O 6.Be2 e5 7.O-O Nc6 8.d5 Ne7
9.Ne1 Nd7 10.Be3 f5 11.f3 f4 12.Bf2 g5 13.b4 Ng6 14.c5 Nf6 15.a4 a5 16.bxa5 Rxa5
17.cxd6 cxd6 18.Qb3 Ra8 19.Bb6 Qe7 20.Nb5 Ne8 21.Rc1 Rf7 22.Nd3 h5 23.Nf2 Nh4
24.h3 Qf6 25.Rc3 Qg6 26.Na7 Bd7 27.Bb5 Nf6 28.Bxd7 Rxd7 29.Rc8+ Rxc8 30.Nxc8 g4
31.fxg4 hxg4 32.hxg4 Nxg4 33.Qh3 Nxf2 34.Bxf2 Bf6 35.Bxh4 Bxh4 36.Qxd7 Qg3
37.Qh3 Qe3+ 38.Qxe3 fxe3 39.Rf3 e2 40.Re3 e1=Q+ 41.Rxe1 Bxe1 42.Nxd6 b6 43.Nc4 Bb4
44.Kh2 Bc5 45.Kh3 Kg7 46.Kg4 Kf6 47.Kh5 Bd4 48.g4  1-0

[Event "FSIM Nov"]
[Site "Budapest HUN"]
[Date "2002.11.06"]
[Round "5"]
[White "Papp,Ge"]
[Black "Alfred,N"]
[Result "1/2-1/2"]
[WhiteElo "2275"]
[BlackElo "2251"]

1.d4 Nf6 2.c4 g6 3.Nc3 Bg7 4.e4 d6 5.Nf3 O-O 6.Be2 e5 7.O-O Nc6 8.d5 Ne7
9.b4 Nh5 10.Re1 a5 11.bxa5 f5 12.Ng5 Nf6 13.Bf3 Rxa5 14.a4 c6 15.Qb3 h6 16.c5 cxd5
17.cxd6 Nc6 18.Nb5 hxg5 19.Bxg5 Rxb5 20.axb5 Nd4 21.Qa2 Qxd6 22.exd5 Nxf3+
23.gxf3 e4 24.Rad1 exf3 25.Qc4 Ne4 26.Be3 Be5 27.h3 Kg7 28.Bd4 Bd7 29.b6 Rc8
30.Qd3 Bxd4 31.Qxd4+ Kh7 32.Rd3 Qf4 33.Qe3 Qh4 34.Qxf3 Rc2 35.Rd4 Qg5+ 36.Qg2 Qxg2+
37.Kxg2 Rxf2+ 38.Kg1 Rc2 39.Rexe4 fxe4 40.Rxe4 Bxh3 41.Rh4+ Kg7 42.Rxh3 Rd2
43.Rc3 Rxd5 44.Rc7+ Kh6 45.Rxb7 Rb5 46.Kf2 Rb3 47.Rb8 Kg5 48.b7 Kg4 49.Ke2 g5
50.Kd2 Kg3 51.Kc2 Rb6 52.Kd3 g4 53.Kd4 Kg2 54.Kc5 Rb1 55.Kc6 Rc1+ 56.Kd6 Rb1
57.Kc7 Rc1+ 58.Kd6 Rb1 59.Rg8 Rxb7 60.Rxg4+  1/2-1/2

[Event "Olympiad w"]
[Site "Bled SLO"]
[Date "2002.11.07"]
[Round "12"]
[White "Johansson,V"]
[Black "Duarte,T"]
[Result "1-0"]
[WhiteElo "2165"]
[BlackElo "2130"]

1.d4 g6 2.c4 Bg7 3.Nf3 Nf6 4.Nc3 d6 5.e4 O-O 6.Be2 Nc6 7.O-O e5 8.d5 Ne7
9.Nd2 Ne8 10.Rb1 f5 11.b4 Nf6 12.f3 f4 13.c5 g5 14.Nc4 Ng6 15.b5 dxc5 16.d6 Be6
17.dxc7 Qxc7 18.b6 axb6 19.Rxb6 Bf7 20.Nb5 Qe7 21.Nbd6 Rfd8 22.Qc2 Rd7 23.Qb2 Kh8
24.Nf5 Qd8 25.Rxb7 Bxc4 26.Bxc4 Bf8 27.Rxd7 Qxd7 28.Qb6 Qd8 29.Qe6 Rb8 30.Bb3 Qb6
31.Qc4 Rd8 32.Bb2 Rd7 33.Bc3 Qd8 34.a4 h5 35.a5 Kh7 36.a6 g4 37.Ra1 Qb8 38.Rd1 Qd8
39.Rxd7+ Qxd7 40.Kf1 Kh8 41.Ba4 Qc7 42.Qe6 Bg7 43.Qc6 Qd8 44.Nd6 Kh7 45.a7  1-0

[Event "Olympiad"]
[Site "Bled SLO"]
[Date "2002.11.07"]
[Round "12"]
[White "Saeheng,B"]
[Black "Williams,Lei"]
[Result "0-1"]
[WhiteElo "2306"]
[BlackElo "2288"]

1.d4 Nf6 2.c4 g6 3.Nc3 Bg7 4.e4 O-O 5.Nf3 d6 6.Be2 e5 7.O-O Nc6 8.d5 Ne7
9.b4 Nh5 10.Re1 f5 11.Ng5 Nf6 12.Bf3 c6 13.b5 cxd5 14.cxd5 h6 15.Ne6 Bxe6
16.dxe6 fxe4 17.Nxe4 Nxe4 18.Bxe4 d5 19.Bc2 e4 20.Rb1 Qb6 21.Rf1 Qxe6 22.Bb3 Rfd8
23.Re1 Kh7 24.a4 Qf5 25.Ba3 Ng8 26.Rc1 Rd7 27.Qe2 Nf6 28.a5 Ng4 29.h3 Ne5
30.Bc2 Rf7 31.Rcd1 Nc4 32.Bb4 Rc8 33.Bb3 b6 34.axb6 axb6 35.Rf1 Rfc7 36.Rfe1 Qd7
37.Bxc4 Rxc4 38.Qxe4 Rxe4  0-1

[Event "Olympiad"]
[Site "Bled SLO"]
[Date "2002.11.08"]
[Round "13"]
[White "Moussa,A"]
[Black "Saeheng,B"]
[Result "0-1"]
[WhiteElo "2218"]
[BlackElo "2306"]

1.d4 Nf6 2.c4 g6 3.Nc3 Bg7 4.e4 d6 5.Nf3 O-O 6.Be2 e5 7.O-O Nc6 8.d5 Ne7
9.Nd2 a5 10.a3 Nd7 11.Rb1 f5 12.b4 axb4 13.axb4 Kh8 14.Qc2 Nf6 15.exf5 Nxf5
16.Nb3 Nd4 17.Nxd4 exd4 18.Nb5 Bf5 19.Bd3 Ng4 20.Bxf5 Rxf5 21.Qe4 Qh4 22.h3 Rxf2
23.Bb2 Rxg2+ 24.Qxg2 Ne3 25.Qf3 Rf8 26.Qxf8+ Bxf8 27.Bxd4+ Kg8 28.Bxe3 Qg3+
29.Kh1 Qxh3+ 30.Kg1 Qxe3+ 31.Rf2 Be7 32.Nxc7 Bh4 33.Rf1 Bxf2+ 34.Rxf2 h5
35.Nb5 Kg7 36.Kg2 Qe4+ 37.Kg1 Qxc4 38.Nxd6 Qxd5 39.Ne8+ Kh6 40.Nf6 Qd4 41.b5 Kg5
42.Ne8 Kh4 43.Kf1 Kg3 44.Rg2+ Kf3 45.Re2 Qd3  0-1

[Event "Olympiad"]
[Site "Bled SLO"]
[Date "2002.11.10"]
[Round "14"]
[White "Jiravorasuk,B"]
[Black "Klerides,P"]
[Result "1-0"]
[WhiteElo "2255"]
[BlackElo "2183"]

1.d4 Nf6 2.c4 g6 3.Nc3 Bg7 4.e4 d6 5.Nf3 O-O 6.Be2 e5 7.O-O Nc6 8.d5 Ne7
9.Ne1 Ne8 10.Be3 f5 11.f3 f4 12.Bf2 h5 13.c5 g5 14.a4 Rf6 15.cxd6 Nxd6 16.Nb5 Nxb5
17.axb5 Rg6 18.Kh1 g4 19.Bh4 Qd6 20.Rc1 Bf6 21.Bxf6 Qxf6 22.Rxc7 Qh4 23.Nd3 g3
24.Rxc8+ Nxc8 25.h3 Qe7 26.Qb3 Nd6 27.Rc1 Kh8 28.Rc5 a6 29.bxa6 Rxa6 30.Rc1 Ra8
31.Qc3 Rc8 32.Qxe5+ Qxe5 33.Rxc8+ Nxc8 34.Nxe5 Rb6 35.Nd3 Ne7 36.Kg1 h4 37.Kf1 Kg7
38.Ke1 Kf6 39.Nxf4 Rxb2 40.Nd3 Rb1+ 41.Bd1 Ng6 42.f4 Ra1 43.Kd2 b5 44.Bg4 Ra2+
45.Ke3 Rxg2 46.e5+ Ke7 47.d6+ Kd8 48.Nc5 Nf8 49.e6 Nxe6 50.Bxe6  1-0

[Event "Olympiad"]
[Site "Bled SLO"]
[Date "2002.11.10"]
[Round "14"]
[White "Sebenik,M"]
[Black "Roselli Mailhe,B"]
[Result "1-0"]
[WhiteElo "2414"]
[BlackElo "2446"]

1.d4 Nf6 2.c4 g6 3.Nc3 Bg7 4.e4 d6 5.Be2 O-O 6.Nf3 e5 7.O-O Nc6 8.d5 Ne7
9.Ne1 Ne8 10.Nd3 f5 11.Bd2 Kh8 12.f3 f4 13.c5 h5 14.cxd6 cxd6 15.Nf2 Ng8
16.Qc2 g5 17.Rfc1 Nh6 18.h3 Rf6 19.Nb5 Bd7 20.a4 Rg6 21.Ra3 g4 22.fxg4 Qg5
23.Qd1 hxg4 24.hxg4 Nf7 25.Nc7 Nxc7 26.Rxc7 Qd8 27.Rxb7 Bf6 28.Bb5 Bxb5 29.axb5 Kg7
30.Rc3 Rc8 31.Qc2 Rxc3 32.Qxc3 Bh4 33.Nd3 Qf6 34.Qc8 f3 35.Nf4 Bf2+ 36.Kxf2 Qh4+
37.Kxf3 Rf6 38.Ke2 exf4 39.Bc3 f3+ 40.gxf3  1-0

[Event "Olympiad"]
[Site "Bled SLO"]
[Date "2002.11.10"]
[Round "14"]
[White "Bui Vinh"]
[Black "Surendorj,H"]
[Result "1-0"]
[WhiteElo "2459"]
[BlackElo "2308"]

1.d4 Nf6 2.c4 g6 3.Nc3 Bg7 4.e4 d6 5.Nf3 O-O 6.Be2 e5 7.O-O Nc6 8.d5 Ne7
9.b4 Nh5 10.Re1 f5 11.Ng5 Nf6 12.Bf3 h6 13.Ne6 Bxe6 14.dxe6 Nc6 15.b5 Nd4
16.exf5 gxf5 17.Bxb7 Rb8 18.Bd5 Qe7 19.Be3 f4 20.Bxd4 exd4 21.Qxd4 Nxd5 22.Nxd5 Qg5
23.Qe4 Bxa1 24.e7 f3 25.g3 Be5 26.exf8=Q+ Rxf8 27.Nxc7 Qh5 28.Nd5 Qh3 29.Ne3 h5
30.c5 h4 31.Qg4+ Qxg4 32.Nxg4 Bd4 33.c6 Bb6 34.gxh4 Rf4 35.Re4 Rf8 36.Ne3 d5
37.Nxd5 Rd8 38.Re5 Kf7 39.h3 Bc5 40.Ne3 Bb6 41.Rf5+ Kg6 42.Rxf3 Rd2 43.a4 Rd4
44.Rg3+ Kh7 45.Rg4 Rd2 46.Rc4 Bc7 47.Re4 Kg6 48.Re7  1-0

[Event "WYb18"]
[Site "Heraklio GRE"]
[Date "2002.11.15"]
[Round "1"]
[White "Flumbort,A"]
[Black "Nikolic,Milo"]
[Result "1-0"]
[WhiteElo "2446"]
[BlackElo "2110"]

1.Nf3 Nf6 2.c4 g6 3.Nc3 Bg7 4.d4 O-O 5.e4 d6 6.Be2 e5 7.O-O Nc6 8.d5 Ne7
9.b4 Nh5 10.Re1 f5 11.Ng5 Nf6 12.f3 h6 13.Ne6 Bxe6 14.dxe6 c6 15.Be3 Ne8
16.Qb3 Kh8 17.Rad1 Nc7 18.c5 d5 19.exd5 cxd5 20.Nxd5 Nexd5 21.Bc4 Qe7 22.Bxd5 Nxd5
23.Qxd5 Rf6 24.c6 bxc6 25.Qxc6 Rb8 26.Rd7 Rxe6 27.Qc7 Qxb4 28.Rc1 Rg8 29.Bxh6 Qf8
30.Rf7  1-0

[Event "WYb14"]
[Site "Heraklio GRE"]
[Date "2002.11.17"]
[Round "3"]
[White "Rodshtein,M"]
[Black "Ramirez,Al"]
[Result "1/2-1/2"]
[WhiteElo "2221"]
[BlackElo "2421"]

1.d4 Nf6 2.c4 g6 3.Nc3 Bg7 4.e4 d6 5.Be2 O-O 6.Nf3 e5 7.O-O Nc6 8.d5 Ne7
9.b4 a5 10.Ba3 axb4 11.Bxb4 Nd7 12.a4 f5 13.Ng5 Nc5 14.Bxc5 dxc5 15.Bf3 Ra6
16.Rb1 Kh8 17.Qb3 Nxd5 18.Nxd5 c6 19.Nb6 Rxb6 20.Qxb6 Qxg5 21.Qxc5 f4 22.Rb3 Qh6
23.h3 Qh4 24.Rd1 Kg8 25.Qb6 h5 26.Be2 Bf6 27.c5 Bd8 28.Qa7 Be7 29.Rd2 Qg5
30.Rc2 Kh8 31.Rcc3 Bd8 32.a5 Be7 33.a6 bxa6 34.Bxa6 Be6 35.Ra3 Rd8 36.Rd3 Rf8
37.Rf3 Qf6 38.Be2 g5 39.Rfc3 g4 40.Qc7 f3 41.Bxf3 Rc8 42.Qb7 gxf3 43.Rxf3 Qg5
44.Ra7 Re8 45.Qxc6 Qg6 46.Rg3 Qf7 47.Ra6 Bh4 48.Rf3 Qg6 49.Ra8 Bd8 50.Qd6 Qg5
51.Rf8+ Kg7 52.Rxd8 Bxh3 53.Qc7+ Kxf8 54.Rxe8+ Kxe8 55.Qb8+ Ke7 56.Qd6+ Ke8
57.Qb8+ Kd7 58.Qd6+ Kc8 59.Qc6+ Kd8 60.Qd6+  1/2-1/2

[Event "WYb18"]
[Site "Heraklio GRE"]
[Date "2002.11.17"]
[Round "4"]
[White "Werle,J"]
[Black "Acher,M"]
[Result "1-0"]
[WhiteElo "2434"]
[BlackElo "2308"]

1.Nf3 Nf6 2.c4 g6 3.Nc3 Bg7 4.e4 d6 5.d4 O-O 6.Be2 e5 7.O-O Nc6 8.d5 Ne7
9.b4 Nh5 10.Re1 f5 11.Ng5 Nf6 12.f3 Nh5 13.Kh1 f4 14.Ne6 Bxe6 15.dxe6 Bf6
16.Qd2 Bh4 17.Rd1 Bf2 18.h3 Bd4 19.Bb2 Ng7 20.c5 dxc5 21.bxc5 b6 22.Na4 bxc5
23.Qc2 Qd6 24.Rac1 Nxe6 25.Bc4 Kh8 26.Bxe6 Qxe6 27.Nxc5 Qd6 28.Qc4 Nc6 29.Nb3 Rfd8
30.Ba1  1-0

[Event "WYb12"]
[Site "Heraklio GRE"]
[Date "2002.11.18"]
[Round "5"]
[White "Berczes,D"]
[Black "Lakhey,S"]
[Result "1-0"]
[WhiteElo "2232"]
[BlackElo "2007"]

1.d4 Nf6 2.c4 g6 3.Nc3 Bg7 4.e4 d6 5.Be2 O-O 6.Nf3 e5 7.O-O Nc6 8.d5 Ne7
9.Bg5 h6 10.Bxf6 Bxf6 11.b4 Bg7 12.Nd2 f5 13.c5 fxe4 14.Ndxe4 Nf5 15.Bc4 Kh8
16.Re1 a6 17.Rc1 Nd4 18.a4 b6 19.cxb6 cxb6 20.Qd3 Rf4 21.Ne2 Rxe4 22.Qxe4 Bf5
23.Qe3 Nc2 24.Rxc2 Bxc2 25.Bd3 Bxd3 26.Qxd3 Kh7 27.Rc1 Rc8 28.Rc6 Ra8 29.Ng3 a5
30.b5 Ra7 31.Ne4 Bf8 32.g3 Be7 33.Qc4 Ra8 34.Rc7 Kg8 35.Qc6 Rb8 36.Rd7 Qf8
37.Nxd6 Qf3 38.Rxe7 Qd1+ 39.Kg2 Rf8 40.Nf7 Qd3 41.Qe6 Qe4+ 42.Kh3 Qf5+ 43.Qxf5 gxf5
44.Nxh6+ Kh8 45.d6 Rf6 46.Nf7+ Kg8 47.d7  1-0

[Event "WYb14"]
[Site "Heraklio GRE"]
[Date "2002.11.24"]
[Round "11"]
[White "Gonda,L"]
[Black "Lenic,L"]
[Result "0-1"]
[WhiteElo "2333"]
[BlackElo "2257"]

1.d4 Nf6 2.Nf3 g6 3.c4 Bg7 4.Nc3 O-O 5.e4 d6 6.Be2 e5 7.O-O Nc6 8.d5 Ne7
9.Bg5 Nh5 10.Ne1 Nf4 11.Nd3 Nxd3 12.Bxd3 f5 13.f3 Bf6 14.Be3 f4 15.Bf2 g5
16.c5 Ng6 17.cxd6 cxd6 18.Rc1 Rf7 19.Be2 h5 20.a4 Rg7 21.Nb5 a6 22.Na3 Nh4
23.g3 Bh3 24.Re1 Ng2 25.g4 Nxe1 26.Qxe1 Rc8 27.Rc4 Qd7 28.Qd1 Bd8 29.b4 Rc7
30.a5 Qc8 31.Bb6 Rxc4 32.Nxc4 Bxb6+ 33.axb6 Qd7 34.Nb2 Qd8 35.Nc4 Rf7 36.Bf1 hxg4
37.fxg4 Bxf1 38.Qxf1 Qd7  0-1

[Event "ch-ISR w"]
[Site "Tel Aviv ISR"]
[Date "2002.11.27"]
[Round "3"]
[White "Igla,B"]
[Black "Zatulovskaya,T"]
[Result "1-0"]
[WhiteElo "2160"]
[BlackElo "2219"]

1.d4 Nf6 2.c4 g6 3.Nc3 Bg7 4.e4 d6 5.Nf3 O-O 6.Be2 e5 7.O-O Nc6 8.d5 Ne7
9.Ne1 Nd7 10.Bd2 f5 11.Rc1 Nf6 12.f3 Kh8 13.Nd3 b6 14.exf5 gxf5 15.f4 Ng6
16.Nb4 Bd7 17.fxe5 dxe5 18.Bg5 h6 19.Be3 a5 20.Nd3 f4 21.Bd2 Qe7 22.Bh5 Bf5
23.Nf2 Rae8 24.Re1 Qc5 25.Na4 Qd6 26.c5 Qxd5 27.Bxg6 Bxg6 28.cxb6 cxb6 29.Nxb6 Qd4
30.Bxa5 Qxd1 31.Rcxd1 e4 32.Bc3 Bh5 33.Rc1 e3 34.Nd3 f3 35.gxf3 Bxf3 36.Nc4 Nd5
37.Bxg7+ Kxg7 38.Nce5 Kh7 39.Nxf3 Rxf3 40.Re2 Rg8+ 41.Kh1 Rgf8 42.Kg2 R3f5
43.a4  1-0

[Event "ch-CRO"]
[Site "Zagreb CRO"]
[Date "2002.11.27"]
[Round "4"]
[White "Cebalo,M"]
[Black "Mihalincic,T"]
[Result "1/2-1/2"]
[WhiteElo "2544"]
[BlackElo "2209"]

1.d4 Nf6 2.c4 g6 3.Nc3 Bg7 4.e4 d6 5.Nf3 O-O 6.Be2 e5 7.O-O Nc6 8.Be3 Ng4
9.Bg5 f6 10.Bc1 exd4 11.Nxd4 Nxd4 12.Qxd4 Be6 13.Qd1 Ne5 14.f4 Nd7 15.Be3 f5
16.exf5 gxf5 17.Bd4 Nf6 18.Qc2 Qd7 19.Rad1 Qf7 20.b3 a6 21.Bf3 c6 22.Bxf6 Qxf6
23.Rxd6 Qxc3 24.Qxc3 Bxc3 25.Rxe6 Rad8 26.Kf2 Rd2+ 27.Re2 Rfd8 28.Rc1 Bb4
29.Rb1 Kf7 30.a4 R8d4 31.Rxd2 Bxd2 32.g3 Bc3 33.Ke3 Rd6 34.b4 b6 35.b5 cxb5
36.cxb5 a5 37.Bd1 Kf6 38.Bb3 h6 39.h3 Rd8 40.g4 Bd2+ 41.Kf3 Rd4 42.Rd1 Rxf4+
43.Ke2 Bb4 44.gxf5 Rxf5 45.Rf1 Rxf1 46.Kxf1 Ke5 47.Ke2  1/2-1/2

[Event "33rd NCC"]
[Site "Philadelphia USA"]
[Date "2002.11.29"]
[Round "2"]
[White "Shabalov,A"]
[Black "Chiong,L"]
[Result "1/2-1/2"]
[WhiteElo "2621"]
[BlackElo "2373"]

1.d4 Nf6 2.c4 g6 3.Nc3 Bg7 4.e4 d6 5.Nf3 O-O 6.Be2 e5 7.O-O Nc6 8.d5 Ne7
9.b4 a5 10.Ba3 Nh5 11.bxa5 Nf4 12.Bb4 Bg4 13.h3 Bxh3 14.gxh3 Qd7 15.Ne1 Nxh3+
16.Kh2 Nf4 17.Rc1 c5 18.Ba3 Rxa5 19.Bb2 Qh3+ 20.Kg1 Qh4 21.Bf3  1/2-1/2

[Event "ch-POL sf"]
[Site "Lubniewice POL"]
[Date "2002.12.04"]
[Round "5"]
[White "Weglarz,L"]
[Black "Mazurkiewicz,M"]
[Result "0-1"]
[WhiteElo "2332"]
[BlackElo "2097"]

1.d4 Nf6 2.c4 g6 3.Nc3 Bg7 4.e4 d6 5.Nf3 O-O 6.Be2 e5 7.O-O Nc6 8.d5 Ne7
9.Ne1 Ne8 10.Nd3 f5 11.Bd2 Nf6 12.f3 f4 13.c5 h5 14.cxd6 cxd6 15.Nf2 g5 16.h3 Ng6
17.Qc2 Rf7 18.Rfc1 a6 19.a4 Bf8 20.a5 g4 21.fxg4 hxg4 22.hxg4 Nxg4 23.Nxg4 Qh4
24.Be1 Qg5 25.Qd1 f3 26.Bxf3 Bxg4 27.Bxg4 Qe3+ 28.Kh2 Rf1 29.Ne2 Bh6 30.Ra3 Bf4+
31.g3 Qxe4 32.Bf3 Rxf3 33.Rxf3 Qxf3 34.gxf4 Kf7 35.Rc7+ Ne7 36.Bh4 Rh8 37.Rxe7+ Kf8
38.Qe1 Qg4 39.Ng3 Rxh4+ 40.Kg1 Rh3 41.Kg2 Kxe7 42.fxe5 Rh8 43.Qf2 dxe5 44.d6+ Ke6
45.d7 Kxd7 46.Qf6 Rg8 47.Qxe5 Qxg3+ 48.Qxg3 Rxg3+ 49.Kxg3 Kc6 50.Kf3 Kb5
51.Ke3 Kxa5  0-1

[Event "Friendship A"]
[Site "Roznov CZE"]
[Date "2002.12.06"]
[Round "1"]
[White "Belunek,V"]
[Black "Kovalev,A"]
[Result "0-1"]
[WhiteElo "2416"]
[BlackElo "2555"]

1.d4 Nf6 2.c4 g6 3.Nc3 Bg7 4.e4 d6 5.Nf3 O-O 6.Be2 e5 7.O-O Nc6 8.d5 Ne7
9.b4 Nh5 10.Re1 f5 11.Ng5 Nf6 12.Bf3 c6 13.Bb2 cxd5 14.cxd5 fxe4 15.Ncxe4 Nxe4
16.Bxe4 Qb6 17.Qd2 Bh6 18.h4 Bf5 19.a3 Rac8 20.Rac1 Rxc1 21.Bxc1 Bxe4 22.Rxe4 Bxg5
23.hxg5 Qb5 24.f4 Rxf4 25.Rxf4 exf4 26.Qe1 Kf8 27.Qc3 Qxd5 28.Qh8+ Kf7 29.Bxf4 Ke6
30.Kh2 Qf5 31.g3 Qc2+ 32.Kh3 Qd1 33.Kg2 Qc2+ 34.Kg1 Qd3 35.Qxh7 Qxa3 36.Qh3+ Nf5
37.Qh8 Qxb4 38.Qg8+ Kd7 39.Qxg6 Qd4+ 40.Kh2 Ne7 41.Qh7  0-1